| 000 | nam a22 a 4500 | ||
|---|---|---|---|
| 999 |
_c444335 _d444335 |
||
| 003 | BLK | ||
| 005 | 20221025090406.0 | ||
| 008 | 200724b bu |||||r|||| 00| | bu d | ||
| 040 | _aBLK | ||
| 041 |
_aBUL _cBUL |
||
| 080 |
_aАртилерия.Инженерни (сапьорни) войски.Военна авиация. Различни технически части и тяхното предназначение _b358 _z358 |
||
| 080 |
_aРазузнавателна служба. Тайна служба. Шпионаж. Разузнавателна информация. Вж и 327.84 ; 344.1 _b355.40 _x355.40 |
||
| 100 |
_91299 _aЛебедев, П. К. _eпърви автор |
||
| 139 | _aЛебедев, П. К. | ||
| 245 |
_aРазузнаване в артилерията чрез наблюдение _cП. К. Лебедев; прев. от рус. С. Н. Иванов. |
||
| 257 | _aSUN | ||
| 260 |
_9215670 _aСофия _bДърж. воен. изд. _c1957 _dДВИ |
||
| 300 |
_a72 с. _c17 см |
||
| 380 | _a3 | ||
| 490 |
_9207295 _aНаучно-популярна военна библиотека |
||
| 500 | _a3 000 тир. | ||
| 650 | 7 |
_9147419 _aАртилерия, земна - учебни помагала |
|
| 653 | 7 |
_9181314 _aартилерия |
|
| 653 | 7 |
_9195203 _aразузнаване |
|
| 700 |
_91121 _aИванов, С. Н. _eпрев. от рус. |
||
| 852 |
_aЦб І 1398 _bО |
||
| 856 |
_i0.00 _ldisable |
||
| 942 |
_cKNG _n0 _s1 |
||
| 944 |
_aCR _c2022-02-09 _kСТ |
||
| 999 | _d444335 | ||